000 00766nam a22002175i 4500
001 13048
003 ES-MaACL
005 20230906150459.0
007 t|
008 911211s1989 sp ||||0| spa
020 _a84-85686-07-1
080 _a929.6(462.21 C.)
100 1 _aCordero Alvarado, Pedro.
_940517
245 1 0 _aGuía heráldica de Cáceres
_b: (separata de mi obra inédita "Blasones y piedras nobles de la ciudad de Cáceres" /
_cautor, Pedro Cordero Alvarado ; fotografías, Félix Martín García.
260 _a[Madrid] :
_bGarcía-Plata,
_c[1989]
300 _a67 p. :
_bil. ;
_c21 cm.
504 _aBibliografía: p. 65.
650 1 4 _aHeráldica-
_zCáceres.
_913314
700 1 _aMartín García, Félix.
_977502
852 _aES-MaACL
_jL-20395
999 _c13048
_d13048